Gaming Quiz

Random Gaming or Clickable Quiz

What's Your Move? Quiz Stats

 Plays Quiz Updated Dec 23, 2018

Support Sporcle.
Go Orange.
Score 0/19 Timer 03:00
4 Plays Today
% Correct
Twister
95.8%
Operation
95.7%
Monopoly
94.1%
Battleship
90.3%
Clue
89.8%
Scrabble
87.7%
Risk
85.4%
Life
84.1%
Checkers
79.3%
Poker
79.2%
% Correct
Rock 'em Sock 'em Robots
77.3%
Don't Break the Ice
62.8%
Bridge
57.1%
Mah Jong
53.9%
Cribbage
53.7%
Chess
52.1%
Hearts
50.3%
Tiddlywinks
43.7%
Backgammon
33.6%

From the Vault

Four-Letter Asian Countries

by alinrotundu

Geography 60s
We're pretty certain that Cuba isn't in Asia, but you might wanna double check for us.
Remove Ads.
Support Sporcle.
Get the best of Sporcle when you Go Orange. This ad-free experience offers more features, more stats, and more fun while also helping to support Sporcle. Thank you for becoming a member.

Show Comments

Extras

Top Quizzes Today


Score Distribution

Your Account Isn't Verified!

In order to create a playlist on Sporcle, you need to verify the email address you used during registration. Go to your Sporcle Settings to finish the process.

Report this User

Report this user for behavior that violates our Community Guidelines.

Details: